ՀՀ Գիտությունների ազգային ակադեմիայի հիմնարար գիտական գրադարան  =   Fundamental Scientific Library of NAS RA

Качество поверхности при алмазно-абразивной обработке / (Record no. 221769)

MARC details
000 -LEADER
fixed length control field 01056nam a2200229 u 4500
001 - CONTROL NUMBER
control field 000565210
003 - CONTROL NUMBER IDENTIFIER
control field AM-YeHGA
005 - DATE AND TIME OF LATEST TRANSACTION
control field 20250617140532.0
008 - FIXED-LENGTH DATA ELEMENTS--GENERAL INFORMATION
fixed length control field 080130s1979 r 000 0 rus d
040 ## - CATALOGING SOURCE
Original cataloging agency AM-YeHGA
041 0# - LANGUAGE CODE
Language code of text/sound track or separate title rus
090 ## - LOCALLY ASSIGNED LC-TYPE CALL NUMBER (OCLC); LOCAL CALL NUMBER (RLIN)
-- 223303
100 1# - MAIN ENTRY--PERSONAL NAME
Personal name Рыжов, Эдуард Вячеславович
245 00 - TITLE STATEMENT
Title Качество поверхности при алмазно-абразивной обработке /
Statement of responsibility, etc. Э.В. Рыжов, А.А. Сагарда, В.Б. Ильицкий, И.Х. Чеповецкий ; Под ред. А.А. Сагарады.
260 ## - PUBLICATION, DISTRIBUTION, ETC.
Place of publication, distribution, etc. Киев :
Name of publisher, distributor, etc. Наукова Думка,
Date of publication, distribution, etc. 1979.
300 ## - PHYSICAL DESCRIPTION
Extent 244 с. :
Other physical details ил. 63, табл. 59.
504 ## - BIBLIOGRAPHY, ETC. NOTE
Bibliography, etc. note Библиогр. 65 назв.
650 14 - SUBJECT ADDED ENTRY--TOPICAL TERM
Topical term or geographic name entry element Абразивы. Шлифующие и полирующие материалы
700 1# - ADDED ENTRY--PERSONAL NAME
Personal name Ильицкий, Валерий Борисович
700 1# - ADDED ENTRY--PERSONAL NAME
Personal name Чеповецкий, Израиль Хананович
700 1# - ADDED ENTRY--PERSONAL NAME
Personal name Сагарада, Антон Александрович
Relator term ред.
Relationship edt
Holdings
Withdrawn status Lost status Damaged status Not for loan Collection Home library Current library Date acquired Total checkouts Full call number Barcode Date last seen Price effective from Koha item type Public note
        General Fundamental Scientific Library Fundamental Scientific Library 28/12/2016   PII/447069 FL0360080 28/12/2016 28/12/2016 Գրքեր / Books 30 Days Loan


ՀՀ ԳԱԱ հիմնարար գիտական գրադարան
ՀՀ,Երևան 0019
Մարշալ Բաղրամյան 24/6
հեռախոս:(374-10) 52-47-50
Հետադարձ կապ

All site content, except where otherwise noted, is licensed under a
Creative Commons License